000 00513cab a2200205 4500
001 ABS49924
008 090401t1994 xxu||||| |||| 00| 0 eng d
035 _a(Sirsi) u73354
041 _aeng
245 _aTrafalgar Place
260 _c1994
350 _a0
490 _aCSW - The Property Week
_v46(4) 27 January 1994, 40-42(3)
520 _aTrafalgar Place, Brighton.
650 _aOFFICES
650 _aROAD TEST
690 _aBUILDING AND CONSTRUCTION-PROJECTS
942 _n0
948 _c04/03/1997
999 _c46386
_d46386